Francès : dossier d'activitats dossier d'activitats
Publicado:
Barcelona :
Diputació de Barcelona. Àrea d'Educació. Centre de Formació d'Adults Can Batlló, [2008?]
Descripción Física:
87 p. ; 30 cm
Materias:
Francès -- Problemes, exercicis, etc.
MARC
| LEADER | 00000nam a2200000Ia 4500 | ||
|---|---|---|---|
| 001 | 20651 | ||
| 008 | 160829s9999 xx 000 0 cat d | ||
| 080 | |a E-1-299 | ||
| 245 | |a Francès : |b dossier d'activitats | ||
| 260 | |a Barcelona : |b Diputació de Barcelona. Àrea d'Educació. Centre de Formació d'Adults Can Batlló, [2008?] | ||
| 300 | |a 87 p. ; |c 30 cm | ||
| 590 | |a Prova d'accés als Cicles Formatius de Grau Superior | ||
| 650 | |a Francès |x Problemes, exercicis, etc. |9 38565 | ||
| 710 | |a Barcelona (Catalunya : Província). |b Àrea d'Educació |9 8009 | ||
| 710 | 2 | |a Centre de Formació d'Adults Can Batlló |9 55011 | |
| 901 | |a Arxiu | ||
| 942 | |n 1 | ||
| 952 | |0 0 |1 0 |4 0 |6 E1299 |7 1 |9 48473 |a Arxiu |b Arxiu |d 2016-12-01 |l 0 |o E-1-299 |p 20651 |r 2016-12-01 00:00:00 |w 2016-12-01 |y ARXIU | ||
| 999 | |c 52302 |d 52302 | ||